General topology : theory and problems

Guardado en:
Bibliografiske detaljer
Hovedforfatter: Lipschutz, Seymour
Format: Bog
Sprog:Undetermined
Udgivet: New York, New York : McGraw-Hill, 1965.
Serier:Schaum’s outline series
Fag:
Tags: Tilføj Tag
Ingen Tags, Vær først til at tagge denne postø!

MARC

LEADER 00000nam a2200000Ia 4500
003 L000705
005 20221231143954.0
008 140114s9999 xx 000 0 und d
040 |c cru CEDI 
082 |a 513.83 L767g 
100 |a Lipschutz, Seymour  |9 19873 
245 |a General topology : theory and problems  
260 |a New York, New York : McGraw-Hill,   |c 1965. 
300 |a 239 páginas : ilustraciones ; 28 cm. 
440 |a Schaum’s outline series  |9 19116 
650 |x TOPOLOGIA   |x TOPOLOGIA - PROBLEMAS, EJERCICIOS, ETC.  |9 19874 
942 |2 ddc  |c BK 
999 |c 15005  |d 15005